|
|
|
|
| LEADER |
03370njm a2200493 i 4500 |
| 001 |
001506655 |
| 003 |
CZ BrMZK |
| 005 |
20160205124224.0 |
| 007 |
sd fsngnnmmned |
| 008 |
160121p20151962xr munng efh n cze |
| 015 |
|
|
|a cnb002766134
|
| 024 |
1 |
|
|a 099925628321
|
| 028 |
0 |
1 |
|a SU 6283-2
|b Supraphon
|
| 040 |
|
|
|a BOA001
|b cze
|e rda
|
| 041 |
0 |
|
|d cze
|d eng
|d ger
|d ita
|d rus
|d slo
|
| 045 |
|
|
|a x6y1
|
| 047 |
|
|
|a zz
|a pp
|
| 072 |
|
7 |
|a 784
|x Vokální hudba
|2 Konspekt
|9 9
|
| 080 |
|
|
|a 78.087.62/.67
|2 MRF
|
| 080 |
|
|
|a 784.4
|2 MRF
|
| 080 |
|
|
|a (086.76)
|2 MRF
|
| 245 |
0 |
0 |
|a Duety :
|b 1962-2015 /
|c Karel Gott
|
| 264 |
|
1 |
|a Praha :
|b Supraphon,
|c 2015
|
| 300 |
|
|
|a 5 CD audio ;
|c 12 cm
|
| 336 |
|
|
|a hraná hudba
|b prm
|2 rdacontent
|
| 337 |
|
|
|a audio
|b s
|2 rdamedia
|
| 338 |
|
|
|a audiodisk
|b sd
|2 rdacarrier
|
| 344 |
|
|
|a digital
|b optical
|g stereo
|2 rda
|
| 347 |
|
|
|a audio soubor
|b CD audio
|2 rda
|
| 500 |
|
|
|a Název z disku
|
| 500 |
|
|
|a ℗1962-2015 Supraphon a další
|
| 500 |
|
|
|a Výběr a sestava, sleevenote editor Jan Adam
|
| 505 |
0 |
|
|a CD1 (1962-1977) -- CD2 (1980-1992) -- CD3 (1993-2006) -- CD4 (2008-2014) + nové nahrávky (2015) -- CD5 (1965-2010) - live nahrávky
|
| 505 |
2 |
0 |
|g CD1 (1962-1977).
|t Až nám bude dvakrát tolik --
|t Je krásné lásku dát --
|t Miluj mne nebo opusť --
|t Den je krásný --
|t Bejvávalo dobře --
|t Dotýkat se hvězd --
|t Tak abyste to věděla --
|t Zejtra už ti sbohem dám --
|t Dívka toulavá --
|t Zámoří --
|t Smejvám lásku --
|t Princezna v hermelínu --
|t Mít pouhej tejden --
|t Toulky --
|t Nápad --
|t Silvestrovská opera '74 --
|t Jsem na světě rád --
|t Píšu vám --
|g Operetní směs z TV seriálu Zpívá Karel Gott (zkrácená verze) --
|t Duet milostný --
|g CD2 (1980-1992).
|t Kéž jsem to já --
|t Dávné lásky --
|t Jednadvacet --
|t Plavá víla --
|t Tichý pavilón --
|t Zvonky štěstí --
|t Svět stál --
|t Ó, bejby, bejby --
|t Najednou --
|t Gib mir ein Zeichen --
|t Čau, lásko --
|t Párkrát mlčet --
|t Neznámý pár --
|t Písně mé mi zůstanou --
|t Náš song --
|t Barcarola --
|t Dnes v noci --
|t Svátek lásky --
|t Adagio --
|g CD3 (1993-2006).
|t Smím dál --
|t Jarmark ve Scarborough --
|t Panis angelicus --
|t Mží --
|t Ich bin da, um dich zu lieben --
|t Oči barvy holubí --
|t Svet lásku má --
|t Věrné milování --
|t Mé přání --
|t Souznění --
|t This world is magic --
|t Náhle --
|t To stárnutí zrádné --
|t Sivestrovská opera --
|t Všem dívkám, co jsem měl kdy rád --
|t Svět je prostě nekonečná pláž --
|t Can't buy me love --
|t Oh, darling --
|t Stella by starlight --
|g CD4 (2008-2014) + nové nahrávky (2015).
|t Für immer jung --
|t Krása --
|t Paloma --
|t Zvonky štěstí --
|t Bettler und König --
|t Ať láska křídly mává --
|t Phantom der Oper --
|t Hvězdný rej --
|t Nic nás nezastaví --
|t Cool v plotě --
|t Dál za obzor --
|t Můj ideál --
|t Belle --
|t Podmoskovnye večera --
|t Místa, která znáš --
|t Tak pojď se mnou
|
| 511 |
1 |
|
|a Karel Gott spolu s dalšími zpěváky a hudebními skupinami
|
| 518 |
|
|
|a Nahrávky z let 1962-2015
|
| 648 |
|
4 |
|a 1961-2020
|
| 650 |
0 |
7 |
|a duety
|7 ph254872
|2 czenas
|
| 650 |
0 |
7 |
|a populární písně
|7 ph124354
|y 1961-2020
|2 czenas
|
| 655 |
|
7 |
|a kompaktní desky
|7 fd201991
|2 czenas
|
| 910 |
|
|
|a BOA001
|b CDR-1360.267
|
| 990 |
|
|
|a AV
|
| 991 |
|
|
|b 201602
|
| 996 |
6 |
|
|b 2610658331
|c CDR-1360.267
|l MZK
|r Sklad / do 24 hodin
|n 0
|p p.v.
|w 001542171
|u 000010
|a 1
|e BOA001
|j MZK50
|s P
|